El derecho del niño a la educación

Αποθηκεύτηκε σε:
Λεπτομέρειες βιβλιογραφικής εγγραφής
Κύριος συγγραφέας: Mialaret, Gaston (autor)
Μορφή: Βιβλίο
Γλώσσα:Ισπανικά
Έκδοση: París UNESCO 1979
Θέματα:
Ετικέτες: Προσθήκη ετικέτας
Δεν υπάρχουν, Καταχωρήστε ετικέτα πρώτοι!

MARC

LEADER 00000nam a2200000 a 4500
001 UCY8131
003 CL-VaPUC
008 950623e19790000FR |||||||||||||||||spa|d
082 0 4 |a 323.352  |b MIA  |2 21 
100 |a Mialaret, Gaston  |e autor  |9 586551 
245 1 3 |a El derecho del niño a la educación 
300 |a 268 p 
942 |c BK 
945 |d 19950623 00:00:00  |a cmena 
260 |a París  |b UNESCO  |c 1979 
650 0 |a Derechos del niño  |9 258728 
650 0 |a Derechos y priviliegios  |9 338404 
650 0 |a Derecho a la educación   |9 307987 
650 0 |a Niños  |9 255605 
650 7 |a INJUSTICIA SOCIAL  |2 CL-VaPUC  |9 338323 
650 7 |a NIÑOS SOCIALMENTE DESFAVORECIDOS  |2 CL-VaPUC  |9 323883 
650 0 |a Problemas sociales  |9 258537 
650 0 |a Cooperación internacional  |9 255447 
583 |a last modification  |c 19950623 00:00:00  |k Rodrigo Vera 
999 |c 235409  |d 235407 
952 |0 0  |1 0  |4 0  |6 323_352000000000000_MIA_1979  |7 0  |8 P  |9 242805  |a BIBEDU  |b BIBEDU  |c BIBEDU_PB  |d 2019-11-18  |i 1522914  |o 323.352 MIA 1979  |p 1522914  |r 2024-01-25  |w 2019-11-18  |y BK  |k EDU